000 00605nam a2200217Ia 4500
003 OSt
005 20221006153352.0
006 a|||||r|||| 00| 0
007 ta
008 221006b |||||||| |||| 00| 0 hin d
024 _a32,139
037 _bGift,
_cTextual
040 _aEASL
_cEASL
_bhin
041 _2hin
_ahin
100 _aLOON Piet Van der
_9663586
245 0 _aTaoist books in the libs. of the Sung period
_b A critical study and ind
260 _aLondon
_bIthaca Press
_c1984
300 _a189p.
_ccm.
942 _cTEXL
_2CC
999 _c1100225
_d1100225